Youth and the Labour Markets in the European Union

Najnovšie trendy v nezamestnanosti mladých ľudí. Hlavné otázky týkajúce sa nezamestnanosti mladých ľudí, ktoré je potrebné vyriešiť.

Enregistré dans:
Détails bibliographiques
Auteur principal: Klimko, Roman, 1985-
Autres auteurs: Rievajová, Eva
Format: Chapitre de livre
Langue:anglais
Sujets:
Tags: Ajouter un tag
Pas de tags, Soyez le premier à ajouter un tag!

MARC

LEADER 00000naa$a2200000$$$4500
001 0250303
005 20240502093723.2
041 0 |a eng 
044 |a HR 
245 1 0 |a Youth and the Labour Markets in the European Union  |c Roman Klimko, Eva Rievajová 
520 |a Najnovšie trendy v nezamestnanosti mladých ľudí. Hlavné otázky týkajúce sa nezamestnanosti mladých ľudí, ktoré je potrebné vyriešiť. 
610 2 0 |a Európska únia 
610 2 0 |a Európsky ekonomický priestor 
610 2 0 |a trh práce 
610 2 0 |a nezamestnanosť 
610 2 0 |a absolventi 
610 2 0 |a mladiství 
100 1 |a Klimko, Roman, 1985- 
700 1 |a Rievajová, Eva